Vista normal Vista MARC

Entrada Título uniforme

Número de registros utilizados en: 1

001 - NÚMERO DE CONTROL

  • campo de control: 6752

003 - IDENTIFICADOR DE NÚMERO DE CONTROL

  • campo de control: PE-LiUPU

005 - FECHA Y HORA DE LA ÚLTIMA TRANSACCIÓN

  • campo de control: 20250822092548.0

008 - ELEMENTOS DE DATO DE LONGITUD-FIJA

  • campo de control de longitud fija: 250822|| aca||aabn | a|a d

040 ## - FUENTE DE CATALOGACIÓN

  • Centro catalogador/agencia de origen: PE-LiUPU

130 ## - ENCABEZAMIENTO--TÍTULO UNIFORME

  • Título uniforme: Biblia.
  • Nombre de parte o sección de la obra: Nuevo Testamento
  • Subdivisión de forma: Concordancias
  • Subdivisión general: Griego.